Datum a čas kvízu
36
Celkem bodů
Celkový počet nahraných bodů na tomto kvízu bez doplňovacích otázek.
5.
Pořadí na kvízu
Konečné umístění týmu na tomto kvízu.
Zaznamenané odpovědi
| # | Otázka | Odpověď | Body | Výsledky |
|---|---|---|---|---|
| 1. | Jedna oblíbená česká služba do... | Dáme jídlo | 1 | |
| 2. | Fotografie státní tajemnice pr... | Francie | 1 | |
| 3. | Jeden český umělec se v ponděl... | Michal Hrůza | 1 | |
| 4. | Jak se nazývá menší banka patř... | Hello bank! | 1 | |
| 5. | Český sport slaví diplomatický... | Petr Fousek | 1 | |
| 6. | Podstatou biotechnologií je vy... | štětičkovec | 0 | |
| 7. | Kontroverzní americká společno... | A) kukuřice | 1 | |
| 8. | Zatímco v minulosti se diabeti... | Escherichia coli (E. coli) | 1 | |
| 9. | Využití mikroorganismů k získá... | kombucha | 1 | |
| 10. | Biotechnologické téma zakončí... | C | 1 |